000
00227nam a22000857a 4500
008
160816b xxu||||| |||| 00| 0 eng d
100
_9
133
_a
Dass H.K
245
_a
Mathematics-X
_b
Term-I
260
_a
New Delhi
_b
S.Chand publication
_c
2011
999
_c
2788
_d
2788